<?xml version="1.0" encoding="UTF-8"?>
<collection xmlns="http://www.loc.gov/MARC21/slim">
 <record>
  <leader>03509ntm a22005057i 4500</leader>
  <controlfield tag="001">000308607</controlfield>
  <controlfield tag="003">CZ-PrVSE</controlfield>
  <controlfield tag="005">20160617214327.0</controlfield>
  <controlfield tag="006">m        d</controlfield>
  <controlfield tag="007">cr n||||||||||</controlfield>
  <controlfield tag="008">160617s2016    xr     fsbm   000 0 rus d</controlfield>
  <datafield tag="STA" ind1=" " ind2=" ">
   <subfield code="a">NEZPRACOVANÝ IMPORT</subfield>
  </datafield>
  <datafield tag="040" ind1=" " ind2=" ">
   <subfield code="a">ABA006</subfield>
   <subfield code="b">cze</subfield>
   <subfield code="c">ABA006</subfield>
   <subfield code="d">ABA006</subfield>
   <subfield code="e">rda</subfield>
  </datafield>
  <datafield tag="100" ind1="1" ind2=" ">
   <subfield code="a">Barskova, Irina</subfield>
   <subfield code="%">ISIS:103053</subfield>
   <subfield code="4">dis</subfield>
  </datafield>
  <datafield tag="245" ind1="1" ind2="0">
   <subfield code="a">Upravlenie konkurentosposobnostju predprijatija i puti ejo povyšenija /</subfield>
   <subfield code="c">Irina Barskova</subfield>
  </datafield>
  <datafield tag="264" ind1=" " ind2="0">
   <subfield code="c">2016</subfield>
  </datafield>
  <datafield tag="300" ind1=" " ind2=" ">
   <subfield code="a">?? s. :</subfield>
   <subfield code="3">digital, PDF soubor</subfield>
  </datafield>
  <datafield tag="500" ind1=" " ind2=" ">
   <subfield code="a">Vedoucí práce: Jan Heřman</subfield>
  </datafield>
  <datafield tag="502" ind1=" " ind2=" ">
   <subfield code="a">Bakalářská práce (Bc.)—Vysoká škola ekonomická v Praze. Fakulta podnikohospodářská, 2016</subfield>
  </datafield>
  <datafield tag="504" ind1=" " ind2=" ">
   <subfield code="a">Obsahuje bibliografii</subfield>
  </datafield>
  <datafield tag="516" ind1=" " ind2=" ">
   <subfield code="a">Textový (vysokoškolská kvalifikační práce)</subfield>
  </datafield>
  <datafield tag="518" ind1=" " ind2=" ">
   <subfield code="a">Rok obhajoby 2016</subfield>
  </datafield>
  <datafield tag="520" ind1="3" ind2=" ">
   <subfield code="a">Ob&quot;yektom issledovaniya yavlyayetsya konkurentosposobnost' predpriyatiya, predmetom issledovaniya upravleniye konkurentosposobnost'yu predpriyatiya s opredeleniyem putey yeye povysheniya. Tsel'yu raboty yavlyayetsya analiz upravleniya konkurentosposobnost'yu predpriyatiya na primere deyatel'nosti kompanii Shiseido Group dlya vyrabotki predlozheniy po sovershenstvovaniyu upravleniya konkurentosposobnost'yu predpriyatiya i opredeleniye putey yeye povysheniya. Kompaniya Shiseido Group yavlyayetsya stareyshim v mire i chetvertym po velichine yaponskim proizvoditelem kosmetiki i sredstv po ukhodu za volosami. S 1872 goda uzhe na protyazhenii boleye 140 let marka Shiseido opredelyayet ponyatiye krasoty i rasprostranyayet svoi znaniya i vliyaniye po vsemu miru. Bakalavrskaya rabota razdelena na dve osnovnyye chasti. V pervoy chasti raboty ispol'zovalis' istochniki, metody analiza i otsenki upravleniya konkurentosposobnost'yu biznes struktury, a takzhe v etoy chasti predstavlen novyy vzglyad na konkurentosposobnost' v usloviyakh novoy real'nosti kak konkurentosposobnost' biznes ekosistem. Vtoraya chast' soderzhit obshchuyu kharakteristiku kompanii i yeye khozyaystvennoy deyatel'nosti, otsenku deyatel'nosti kompanii v kontekste upravleniya yeye konkurentosposobnost'yu, rezul'taty sravneniye deyatel'nosti predpriyatiya i znacheniy pokazateley yeye deyatel'nosti s konkurentami, a takzhe formulirovku predlozheniy po povysheniyu konkurentosposobnosti kompanii na osnove sovershenstvovaniya yeye biznes menedzhmenta i puti povysheniya konkurentosposobnosti predpriyatiya.</subfield>
  </datafield>
  <datafield tag="538" ind1=" " ind2=" ">
   <subfield code="a">Způsob přístupu: Internet</subfield>
  </datafield>
  <datafield tag="653" ind1="0" ind2=" ">
   <subfield code="a">ekonomika predprijatija i menedžment [obor bakal. práce]</subfield>
  </datafield>
  <datafield tag="655" ind1=" " ind2="7">
   <subfield code="a">bakalářské práce</subfield>
   <subfield code="7">fd132403</subfield>
   <subfield code="2">czenas</subfield>
  </datafield>
  <datafield tag="655" ind1=" " ind2="9">
   <subfield code="a">bachelor's theses</subfield>
   <subfield code="2">eczenas</subfield>
  </datafield>
  <datafield tag="690" ind1=" " ind2=" ">
   <subfield code="a">Shiseido (RUS)</subfield>
  </datafield>
  <datafield tag="690" ind1=" " ind2=" ">
   <subfield code="a">Shiseido Group</subfield>
  </datafield>
  <datafield tag="690" ind1=" " ind2=" ">
   <subfield code="a">upravleniye konkurentosposobnost'yu</subfield>
  </datafield>
  <datafield tag="690" ind1=" " ind2=" ">
   <subfield code="a">biznes ekosistemy</subfield>
  </datafield>
  <datafield tag="690" ind1=" " ind2=" ">
   <subfield code="a">predpriyatiye</subfield>
  </datafield>
  <datafield tag="700" ind1="1" ind2=" ">
   <subfield code="a">Heřman, Jan</subfield>
   <subfield code="7">xx0013022</subfield>
   <subfield code="4">ths</subfield>
  </datafield>
  <datafield tag="700" ind1="1" ind2=" ">
   <subfield code="a">Vysockaya, Natalia Vladimirovna</subfield>
   <subfield code="4">opn</subfield>
  </datafield>
  <datafield tag="710" ind1="2" ind2=" ">
   <subfield code="a">Vysoká škola ekonomická v Praze.</subfield>
   <subfield code="b">Podnikohospodářská fakulta</subfield>
   <subfield code="7">kn20010709402</subfield>
   <subfield code="4">dgg</subfield>
  </datafield>
  <datafield tag="856" ind1="4" ind2="0">
   <subfield code="u">https://isis.vse.cz/zp/57619/podrobnosti</subfield>
   <subfield code="y">VŠKP v InSIS</subfield>
  </datafield>
  <datafield tag="856" ind1="4" ind2="0">
   <subfield code="u">https://isis.vse.cz/zp/57619</subfield>
   <subfield code="y">Hlavní práce</subfield>
  </datafield>
  <datafield tag="856" ind1="4" ind2="0">
   <subfield code="u">https://isis.vse.cz/zp/57619/posudek/vedouci</subfield>
   <subfield code="y">Hodnocení vedoucího</subfield>
  </datafield>
  <datafield tag="856" ind1="4" ind2="0">
   <subfield code="u">https://isis.vse.cz/zp/57619/posudek/oponent/48635</subfield>
   <subfield code="y">Oponentura</subfield>
  </datafield>
  <datafield tag="999" ind1="4" ind2="0">
   <subfield code="u">https://isis.vse.cz/zp/57619/podrobnosti</subfield>
   <subfield code="y">dc:identifier</subfield>
  </datafield>
  <datafield tag="993" ind1=" " ind2=" ">
   <subfield code="x">NEPOSILAT</subfield>
   <subfield code="y">VSKP</subfield>
  </datafield>
  <datafield tag="999" ind1="4" ind2="9">
   <subfield code="a">vse57619</subfield>
   <subfield code="b">160617</subfield>
  </datafield>
  <datafield tag="999" ind1="4" ind2="5">
   <subfield code="x">57619</subfield>
  </datafield>
 </record>
</collection>
